000 nam a22 7a 4500
999 _c128012
_d128012
008 180620b xxu||||| |||| 00| 0 eng d
050 _aBV4597.53.C58 H292
100 _aHarold-Barry, David SJ
_941756
245 _aAmbassadors of reconcillation
_c/by David Harold-Barry SJ
260 _aHarare:
_bJesuits;
_c2006.
300 _a15p.;
_c21cm.
650 _aReconciliation
_932120
650 _aConflict management
_92507
942 _2lcc
_cMONOGRAPH